Nghiên cứu thành phần và cấu trúc của một số hợp chất trong lá dứa thơm

Tổng quan về thực vật, thành phần hóa học, ứng dụng lá dứa thơm. Nguyên liệu và phương pháp nghiên cứu thành phần và cấu trúc của một số hợp chất trong lá dứa thơm. Kết quả và thảo luận

Guardat en:
Dades bibliogràfiques
Autor principal: Trần, Thị Xuyên
Altres autors: Đào, Hùng Cường PGS.TS (Hướng dẫn)
Format: Llibre
Idioma:Vietnamese
Publicat: Đại học Đà Nẵng Trường đại học Sư Phạm 2009
Col·lecció:Khóa luận tốt nghiệp đại học. Chuyên ngành: Sư phạm Hóa
Matèries:
Etiquetes: Afegir etiqueta
Sense etiquetes, Sigues el primer a etiquetar aquest registre!
Thư viện lưu trữ: Mạng thư viện Đại học Đà Nẵng
LEADER 01579nam a2200349 4500
001 000011997
003 8280
005 20120214150208.0
008 120214s2009 viesd
041 |a vie 
072 |a Khóa luận tốt nghiệp 
082 |a 633.83  |b TR-X 
100 |a Trần, Thị Xuyên 
245 |a Nghiên cứu thành phần và cấu trúc của một số hợp chất trong lá dứa thơm  |c Trần, Thị Xuyên 
260 |a Đại học Đà Nẵng  |b Trường đại học Sư Phạm  |c 2009 
300 |a 50 tr.  |b hình mhọa  |c 29 cm 
490 |a Khóa luận tốt nghiệp đại học. Chuyên ngành: Sư phạm Hóa 
500 |a Tham khảo tr.49 - 50 
520 |a Tổng quan về thực vật, thành phần hóa học, ứng dụng lá dứa thơm. Nguyên liệu và phương pháp nghiên cứu thành phần và cấu trúc của một số hợp chất trong lá dứa thơm. Kết quả và thảo luận 
653 |a Khóa luận tốt nghiệp đại học 
653 |a Khoa Hóa học 
700 |a Đào, Hùng Cường  |c PGS.TS  |e Hướng dẫn 
OWN |a LSP 
AVA |a UDN50  |b LSP  |d 633.83 TR-X  |e available  |t Error 5001 Not defined in file expand_doc_bib_avail.  |f 1  |g 0  |h N  |i 0  |k 1 
999 |a From the UDN01 
AVA |a UDN50  |b LSP  |d 633.83 TR-X  |e available  |t Error 5001 Not defined in file expand_doc_bib_avail.  |f 1  |g 0  |h N  |i 0  |k 1 
TYP |a Monograph 
TYP |a Printed language 
980 |a Mạng thư viện Đại học Đà Nẵng